| 000 -LEADER |
| fixed length control field |
00800nam a2200229Ia 4500 |
| 001 - CONTROL NUMBER |
| control field |
985 |
| 003 - CONTROL NUMBER IDENTIFIER |
| control field |
GE_BSU |
| 008 - FIXED-LENGTH DATA ELEMENTS--GENERAL INFORMATION |
| fixed length control field |
181216s||||||||xx |||||||||||||| ||und|| |
| 040 ## - CATALOGING SOURCE |
| Transcribing agency |
GE_BSU |
| 080 ## - UNIVERSAL DECIMAL CLASSIFICATION NUMBER |
| Universal Decimal Classification number |
811.161.1(075.8) |
| 100 ## - MAIN ENTRY--PERSONAL NAME |
| Personal name |
Подгаецкая,И.М. |
| 245 ## - TITLE STATEMENT |
| Title |
Проблемный анализ литературы по современному русскому языку. |
| 245 ## - TITLE STATEMENT |
| Remainder of title |
Синтаксис.учебное пособие для студ. пед. ин-тов |
| 260 ## - PUBLICATION, DISTRIBUTION, ETC. |
| Place of publication, distribution, etc. |
Москва |
| 260 ## - PUBLICATION, DISTRIBUTION, ETC. |
| Name of publisher, distributor, etc. |
Просвещение |
| 260 ## - PUBLICATION, DISTRIBUTION, ETC. |
| Date of publication, distribution, etc. |
1987 |
| 300 ## - PHYSICAL DESCRIPTION |
| Extent |
160стр. |
| 653 ## - INDEX TERM--UNCONTROLLED |
| Uncontrolled term |
Проблемный анализ литературы по современному русскому языку |
| 653 ## - INDEX TERM--UNCONTROLLED |
| Uncontrolled term |
Русский язык |
| 942 ## - ADDED ENTRY ELEMENTS (KOHA) |
| Koha item type |
წიგნი |